| 000 | 00472nab a2200193 a 4500 | ||
|---|---|---|---|
| 001 | 99703 | ||
| 003 | 182742 | ||
| 005 | 20201118113550.0 | ||
| 008 | ||||||n9999 ||| || || | ||
| 100 | _aRodríguez Paéz, Elizabeth | ||
| 245 | 0 | _aEl futuro del pequeño municipio colombiano | |
| 300 | _app.76-81 | ||
| 562 | _e0 | ||
| 650 | _aCOLOMBIA | ||
| 650 | _aMUNICIPIOS | ||
| 650 | _aPROSPECTIVA | ||
| 773 |
_099691 _aPaso a Paso - Vol.3 No.3 : |
||
| 942 | _cSART | ||
| 999 |
_c99703 _d99703 |
||